Statistiques concernant Lyrics de "Le rap des CP"

Cliquez ici pour prendre le quiz!

Statistiques générales

  • Ce quiz a été pris 44 fois
  • Le résultat moyen est 189 sur 416

Statistiques - réponses

IndiceParoles% Correct
CP
91%
de
89%
Le
89%
le
89%
Couplet 8 : Tilio & EnzoNous
86%
nous
86%
On
86%
on
86%
la
83%
À
80%
a
80%
à
80%
sa
80%
se
80%
les
77%
ma
77%
m'a
77%
rap
77%
sommes
77%
Bon
74%
Et
74%
et
74%
Antoine
71%
Ça
71%
ça
71%
Il
71%
Olga
71%
présente
71%
bonjour
69%
Couplet 15 : Juliette | Couplet 2 : Ange | IntroBonjour
69%
est
69%
avec
66%
Avec
66%
Couplet 1 : AngieC'est
66%
c'est
66%
classes
63%
Tu
63%
tu
63%
apprennent
60%
au
60%
en
60%
ils
60%
lire
60%
Moi
60%
moi
60%
rapper
60%
des
57%
Angie
54%
ben
54%
compte
54%
je
54%
Je
54%
(en bulgare)
54%
me
54%
Couplet 17 : MarieMe
54%
t'es
54%
toi
54%
Clément
51%
compter
51%
écrire
51%
pas
51%
Rose
51%
Si
51%
si
51%
Tilio
51%
Ange
49%
dans
49%
Diego
49%
Enzo
49%
J'ai
49%
Juliette
49%
mort
49%
Robin
49%
sais
49%
Thomas
49%
vie
49%
Chloé
46%
Romane
46%
suis
46%
un
46%
Vous
46%
vous
46%
Benjamin
43%
Clara
43%
crâne
43%
du
43%
Esteban
43%
mal
43%
Mathilde
43%
Mattéo
43%
Couplet 7 : ThomasMon
43%
mon
43%
10
40%
d'accord
40%
doliprane
40%
fait
40%
m'appelle
40%
plus
40%
puis
40%
rigolo
40%
Aussi
37%
faire
37%
mais
37%
Marie
37%
maths
37%
peu
37%
qui
37%
Une
37%
y
37%
Alors
34%
cœur
34%
Faut
34%
pour
34%
36
31%
dents
31%
fais
31%
maître
31%
Mathys
31%
nom
31%
notre
31%
Notre
31%
parti
31%
pause
31%
propose
31%
p'tit
31%
recré
31%
tout
31%
Agathe
29%
coquette
29%
couettes
29%
dit
29%
gars
29%
méfie
29%
prénom
29%
Couplet 11 : ClémentAttends
26%
aux
26%
beurre
26%
casse-pied
26%
coin
26%
direct
26%
l'entraînement
26%
maman
26%
Non
26%
partir
26%
patate
26%
personne
26%
privé
26%
qu'à
26%
tableau
26%
vraiment
26%
100%
23%
costauds
23%
diabolo
23%
donne
23%
enfant
23%
gagnant
23%
Couplet 14 : DiegoHello
23%
joie
23%
J'te
23%
j'vous
23%
kiki
23%
marrant
23%
met
23%
Oui
23%
place
23%
prépare
23%
Que
23%
super
23%
ton
23%
très
23%
2
20%
amoureux
20%
avez
20%
casquette
20%
chaque
20%
chouette
20%
dégâts
20%
destin
20%
directrice
20%
étrange
20%
journée
20%
l'hosto
20%
paradis
20%
paraître
20%
peut
20%
Quand
20%
qu'on
20%
sec
20%
s'éclate
20%
s'repose
20%
taf
20%
t'envoie
20%
terminé
20%
tous
20%
Couplet 16 : Mathilde & ClaraVoilà
20%
y'a
20%
Y'a
20%
Couplet 5 : MattéoYo
20%
Allez
17%
caprices
17%
comprenez
17%
exercices
17%
garanti
17%
jolie
17%
J'vais
17%
l'dire
17%
m'envoies
17%
normal
17%
perds
17%
sang-froid
17%
sous
17%
T'iras
17%
trop
17%
viens
17%
voir
17%
Bulgarie
14%
copines
14%
encouragements
14%
évident
14%
j'étais
14%
promis
14%
p'tits
14%
biscottos
11%
mecs
11%
merci
11%
Outro : Antoine et OlgaMerci
11%
princesses
11%
retrouvé
11%
Vise
11%
adore
9%
cerveau
9%
délicatesse
9%
j'm'appelle
9%
l'malin
9%
l'réussit
9%
mauvaise
9%
mine
9%
pouvez
9%
t'épate
9%
t'étonne
9%
turbo
9%
votre
9%
assuré
6%
comprends
6%
d'être
6%
Couplet 10 : ChloéEnchanté
6%
fier
6%
intello
6%
oh
6%
Couplet 9 : Robin & BenjaminOh
6%
photo
6%
prendre
6%
apprécier
3%
comblés
3%
(en bulgare)Moeto
3%
(en bulgare)Nikoa
3%
voici
3%
Couplet 13 : Le bulgare
(en bulgare)
Depovo
0%

Distribution des résultats

Percentile par nombre de réponses

% des personnes avec chaque résultat

Votre développement - résultats

Vous n’avez pas pris ce quiz